00897nam a2200217 a 4500008004100000020001900041020002800060020002700088050001800115100002000133245010100153260002700254300001900281350001100300490003200311500005100343650003300394995010100427999001700528952013400545190606s2011 ||||||||||||||||| || u a9780857292209  a085729220X (alk. paper) a9780857292216 (e-ISBN) aTP 245.H9 Bro aBroom, Darren P10aHydrogen storage materials: the characterisation of their storage propertiescby Darren P. Broom aLondonbSpringerc2011 axii, 258 pages a179.84 aGreen energy and technology aIncludes bibliographical references and index. 0aHYDROGEN--STORAGE--MATERIALS FCBU-MAIN LIBRARY (Kitwe)I179.84M1UAVAILABLEWJun 6, 2019ZMain Library Open Access Collection c46059d46059 00102lcc4070a001b001cMain Library Open Access Collectiond2022-11-30l0oTP 245.H9 Brop749100r2022-11-30w2022-11-30y002